The Business School Survival Guide (Record no. 2601)

MARC details
005 - DATE AND TIME OF LATEST TRANSACTION
control field 20250524092457.0
020 ## - INTERNATIONAL STANDARD BOOK NUMBER
International Standard Book Number 0-7126-1449-4
082 ## - DEWEY DECIMAL CLASSIFICATION NUMBER
Classification number LECT 378.3 HOU
100 ## - MAIN ENTRY--PERSONAL NAME
Author name HOUSMAN, J.
245 ## - TITLE STATEMENT
Title The Business School Survival Guide
260 ## - PUBLICATION, DISTRIBUTION, ETC.
Place of publication, distribution, etc. London,
Name of publisher, distributor, etc. Random House Business Books,
Date of publication, distribution, etc. 2002.
300 ## - PHYSICAL DESCRIPTION
Extent xii, 258p.: ill.; table.
Other physical details Index.
Dimensions 23cm.
942 ## - ADDED ENTRY ELEMENTS (KOHA)
Source of classification or shelving scheme Dewey Decimal Classification
Koha item type Books
Holdings
Date last seen Total checkouts Full call number Barcode Cost, replacement price Price effective from Koha item type Lost status Source of classification or shelving scheme Damaged status Not for loan Withdrawn status Home library Current library Shelving location Date acquired Cost, normal purchase price
05/24/2025   LECT 378.3 HOU 0000009753 30000.00 05/24/2025 Books   Dewey Decimal Classification       College of Business Education Main Library College of Business Education Main Library General Collection 01/21/2003 10000.00